Hanbdook of numerical clculation in engineering definition numerical examples tables of formulas and tables of functions (Record no. 580175)

000 -LEADER
fixed length control field 00581nam a22001817a 4500
003 - CONTROL NUMBER IDENTIFIER
control field CEME
005 - DATE AND TIME OF LATEST TRANSACTION
control field 20210628205250.0
008 - FIXED-LENGTH DATA ELEMENTS--GENERAL INFORMATION
fixed length control field 210224b xxu||||| |||| 00| 0 eng d
020 ## - INTERNATIONAL STANDARD BOOK NUMBER
International Standard Book Number 0-07-065446-8
040 ## - CATALOGING SOURCE
Transcribing agency .
082 ## - DEWEY DECIMAL CLASSIFICATION NUMBER
Classification number 629.8 TUM'P
100 ## - MAIN ENTRY--PERSONAL NAME
Personal name Tuma, J. J
9 (RLIN) 74666
245 ## - TITLE STATEMENT
Title Hanbdook of numerical clculation in engineering definition numerical examples tables of formulas and tables of functions
260 ## - PUBLICATION, DISTRIBUTION, ETC.
Place of publication, distribution, etc. NEWYORK
Name of publisher, distributor, etc. MCGRAW HILL
Date of publication, distribution, etc. 1989
300 ## - PHYSICAL DESCRIPTION
Extent X,406P
650 ## - SUBJECT ADDED ENTRY--TOPICAL TERM
Topical term or geographic name entry element NUMERICAL CALCULATIONS HANDBOOK ENGINEERING MATHEMATICS HANDBOOK
9 (RLIN) 74667
942 ## - ADDED ENTRY ELEMENTS (KOHA)
Koha item type Book
Source of classification or shelving scheme
Holdings
Withdrawn status Lost status Damaged status Not for loan Permanent Location Current Location Shelving location Date acquired Total Checkouts Full call number Barcode Date last seen Price effective from Koha item type
        College of Electrical & Mechanical Engineering (CEME) College of Electrical & Mechanical Engineering (CEME) General Stacks 05/09/2017   629.8 TUM'P CEME-31329 06/28/2021 06/28/2021 Book
© 2023 Central Library, National University of Sciences and Technology. All Rights Reserved.